| 000 | 00578 a2200133 4500 | ||
|---|---|---|---|
| 003 | Nust | ||
| 005 | 20170207164714.0 | ||
| 040 | _cNust | ||
| 082 | _a799 | ||
| 245 |
_aLec By Dr Aamir Hussain, on Alog Design Development for Detection & Ranging of multiple Closeley Spaced Objs with Improved Range & Resolution,Photographs-2014 _cMCS |
||
| 260 |
_aRawalpindi _bMCS _c02-04-2014 |
||
| 650 | _aPictures of Lec By Dr Aamir Hussain, on Alog Design Development for Detection & Ranging of multiple Closeley Spaced Objs with Improved Range & Resolution,(CD-24 Vol II) | ||
| 651 | _aSweet Memories-MCS | ||
| 942 | _cBK | ||
| 999 |
_c209724 _d209724 |
||